American literature/ (Record no. 11576)

MARC details
000 -LEADER
fixed length control field 00725nam a22002537a 4500
005 - DATE AND TIME OF LATEST TRANSACTION
control field 20260515114947.0
008 - FIXED-LENGTH DATA ELEMENTS--GENERAL INFORMATION
fixed length control field 230825b ||||| |||| 00| 0 eng d
020 ## - INTERNATIONAL STANDARD BOOK NUMBER
International Standard Book Number 9788194821076
040 ## - CATALOGING SOURCE
Original cataloging agency IN-DiNC
Transcribing agency IN-DiNC
041 ## - LANGUAGE CODE
Language code of sung or spoken text eng
082 ## - DEWEY DECIMAL CLASSIFICATION NUMBER
Classification number 810
Item number BOR
100 ## - MAIN ENTRY--PERSONAL NAME
Personal name Borah, Ajit Kumar
Relator term author
245 ## - TITLE STATEMENT
Title American literature/
Statement of responsibility, etc. by Ajit Kumar Borah, Biswajit Neog and Kakoli Kashyap
250 ## - EDITION STATEMENT
Edition statement 2nd rev. ed.
260 ## - PUBLICATION, DISTRIBUTION, ETC.
Place of publication, distribution, etc. Jorhat:
Name of publisher, distributor, etc. Bidya bhawan,
Date of publication, distribution, etc. 2022.
300 ## - PHYSICAL DESCRIPTION
Extent 271p.
650 ## - SUBJECT ADDED ENTRY--TOPICAL TERM
Topical term or geographic name entry element American drama
650 ## - SUBJECT ADDED ENTRY--TOPICAL TERM
Topical term or geographic name entry element African American literature
650 ## - SUBJECT ADDED ENTRY--TOPICAL TERM
Topical term or geographic name entry element American short stories
650 ## - SUBJECT ADDED ENTRY--TOPICAL TERM
Topical term or geographic name entry element American poetry
700 ## - ADDED ENTRY--PERSONAL NAME
Personal name Neog, Biswajit
Relator term author
700 ## - ADDED ENTRY--PERSONAL NAME
Personal name Kashyap, Kakoli
Relator term author
942 ## - ADDED ENTRY ELEMENTS (KOHA)
Source of classification or shelving scheme Dewey Decimal Classification
Koha item type Books
Holdings
Withdrawn status Lost status Source of classification or shelving scheme Damaged status Not for loan Collection Home library Current library Shelving location Date acquired Cost, normal purchase price Total checkouts Full call number Barcode Date last seen Copy number Price effective from Koha item type
    Dewey Decimal Classification       Naharkatiya College Library Naharkatiya College Library General stacks 08/25/2023 280.00   810 BOR 29375 08/25/2023 1 08/25/2023 Books
    Dewey Decimal Classification       Naharkatiya College Library Naharkatiya College Library General stacks 08/25/2023 280.00   810 BOR 29376 08/25/2023 2 08/25/2023 Books
    Dewey Decimal Classification       Naharkatiya College Library Naharkatiya College Library General stacks 08/25/2023 280.00   810 BOR 29377 08/25/2023 3 08/25/2023 Books